| 000 | 00696nam a2200205Ia 4500 | ||
|---|---|---|---|
| 001 | 13711 | ||
| 003 | GE_BSU | ||
| 008 | 181216s||||||||xx |||||||||||||| ||und|| | ||
| 040 | _cGE_BSU | ||
| 080 | _a656.135 | ||
| 245 | _aОрганизация и планирование грузовых автомобильных перевозов. | ||
| 245 | _bУчебник. | ||
| 245 | _cПод ред. Л.А.Александрова. | ||
| 260 | _aМ. | ||
| 260 | _bВысш. школа. | ||
| 260 | _c1977. | ||
| 300 | _a334 стр. 22 см. с илл. | ||
| 653 | _aОрганизация и планирование грузовых автомобильных перевозов. | ||
| 942 | _cBK | ||
| 999 |
_c46859 _d46859 |
||